000 00624nam a2200181Ia 4500
008 100920s9999 xx 000 0 und d
082 _b103521
_a--- न 09
100 _aवाळिंबे शरद्रचंद्र.
245 _aराज करेगा खालसा.
260 _bपायल पब्लिकेशन , पुणे.
_c2009
300 _a160
_bसाधी
365 _b150
520 _aकादंबरी.
630 _aराज करेगा खालसा.
650 _aकादंबरी.
730 _aराज करेगा खालसा.
942 _cBOOK
999 _c743953
_d743950